000
00331nam a22001457a 4500
008
230530b ||||| |||| 00| 0 eng d
020
_a
9782213608198
041
_a
FRA
080
_a
82
082
_a
82GIR
100
_a
38
101
_a
GJL
245
_a
ON NE PEUT PAS ETRE HEUREUX TOUT LE TEMPS
_c
GIROUD .F
942
_2
udc
_c
BK
999
_c
59878
_d
59878